00000000nam 2200000zi 4500
0019.938452
003CaOODSP
00520250122091810
006m     o  d f      
007cr mn|||||||||
008240521e202405##quca    o    f000 0 eng d
020 |a9780660720302
040 |aCaOODSP|beng|erda|cCaOODSP
043 |an-cn-ab
0861 |aEn4-402/1-2024E-PDF
24500|aGuidance on using eligible Alberta emission offsets as recognized units for compensation under the federal OBPS.
250 |a[2024 edition].
264 1|aGatineau Quebec : |bEnvironment and Climate Change Canada = Environnement et changement climatique Canada, |cMay 2024.
264 4|c©2024
300 |a1 online resource (9 pages) : |bcolour illustration
336 |atext|btxt|2rdacontent
337 |acomputer|bc|2rdamedia
338 |aonline resource|bcr|2rdacarrier
500 |aIssued also in French under title: Guide sur l'utilisation de crédits compensatoires pour les émissions de l'Alberta admissibles à titre d'unités reconnues aux fins de compensation dans le cadre du STFR fédéral.
500 |a"EC24060"--Verso of cover.
650 0|aEmissions trading|zAlberta.
650 0|aCarbon offsetting|zAlberta.
650 0|aGreenhouse gas mitigation|zAlberta.
7101 |aCanada. |bEnvironment and Climate Change Canada, |eissuing body.
77508|tGuide sur l'utilisation de crédits compensatoires pour les émissions de l'Alberta admissibles à titre d'unités reconnues aux fins de compensation dans le cadre du STFR fédéral.|w(CaOODSP)9.938453
795 |tGuidance on using eligible Alberta emission offsets as recognized units for compensation under the federal OBPS.|b(2020)|w(CaOODSP)9.889413
85640|qPDF|s862 KB|uhttps://publications.gc.ca/collections/collection_2025/eccc/en4/En4-402-1-2024-eng.pdf
986 |aEC24060